Szczegóły MARC
| 000 -ETYKIETA REKORDU |
| podpole kontrolne o stałej długości |
01719nam a2200493 i 4500 |
| 001 - NUMER KONTROLNY REKORDU |
| pole kontrolne |
41061 |
| 003 - IDENTYFIKATOR NUMERU KONTROLNEGO REKORDU |
| podpole kontrolne |
KOSZ 005 |
| 005 - DATA OSTATNIEJ MODYFIKACJI REKORDU |
| podpole kontrolne |
20200115102344.0 |
| 008 - POLE O STAŁEJ DŁUGOŚCI - DANE KONTROLNE |
| podpole kontrolne o stałej długości |
010912s2001 pl a f |000 0 pol |
| 015 ## - NUMER BIBLIOGRAFII NARODOWEJ |
| Numer bibliografii narodowej |
PB 2001/14405 |
| 020 ## - MIĘDZYNARODOWY ZNORMALIZOWANY NUMER KSIĄŻKI - ISBN |
| ISBN |
8372910243 |
| 035 ## - NUMER SYSTEMOWY |
| Numer systemowy przejętego rekordu |
991016802859705066 |
| 035 ## - NUMER SYSTEMOWY |
| Numer systemowy przejętego rekordu |
(PL-WaBN)b14534319-48omnis_nlop |
| 035 ## - NUMER SYSTEMOWY |
| Numer systemowy przejętego rekordu |
b14534319 |
| 035 ## - NUMER SYSTEMOWY |
| Numer systemowy przejętego rekordu |
(OCoLC)830992824 |
| 035 ## - NUMER SYSTEMOWY |
| Numer systemowy przejętego rekordu |
(PL)b0000001453431 |
| 035 ## - NUMER SYSTEMOWY |
| Numer systemowy przejętego rekordu |
(EXLNZ-48OMNIS_NETWORK)9910230786705606 |
| 040 ## - ŹRÓDŁO KATALOGOWANIA |
| Instytucja, która sporządziła opis |
WA N |
| Instytucja, która utworzyła rekord |
WA N |
| Instytucja, która dokonała modyfikacji |
KOSZ 005/HR |
| 041 0# - KOD JĘZYKA |
| Kod języka tekstu |
pol |
| 080 ## - UNIWERSALNA KLASYFIKACJA DZIESIĘTNA - UKD |
| UKD |
658.14/.17 |
| 080 ## - UNIWERSALNA KLASYFIKACJA DZIESIĘTNA - UKD |
| UKD |
(07) |
| 100 1# - NAZWA OSOBOWA |
| Nazwa osobowa |
Wilimowska, Zofia |
| Daty związane z nazwą |
(1949 -) |
| Określenie rodzaju współpracy |
Autor |
| 245 10 - TYTUŁ/ODPOWIEDZIALNOŚĆ |
| Tytuł |
Sztuka zarządzania finansami. |
| Oznaczenie części/sekcji dzieła |
Cz. 1 / |
| Pozostałe elementy strefy tytułu i oznaczenia odpowiedzialności |
Zofia Wilimowska, Marek Wilimowski. |
| 260 ## - STREFA ADRESU WYDAWNICZEGO |
| Miejsce wydania |
Bydgoszcz : |
| Nazwa wydawcy/dystrybutora |
Oficyna Wydawnicza Ośrodka Postępu Organizacyjnego, |
| Data publikacji, dystrybucji/powstania dokumentu |
2001. |
| 300 ## - STREFA OPISU FIZYCZNEGO |
| Objętość |
408 s., [3] k. tabl. złoż. luz. : |
| Inne cechy fizyczne |
il. ; |
| Rozmiary |
25 cm. |
| 336 ## - TYP ZAWARTOŚCI |
| Źródło (terminu i kodu) |
rdacontent |
| Termin opisujący typ zawartości |
Tekst |
| Kod określający zawartość |
txt |
| 337 ## - TYP MEDIÓW |
| Źródło (terminu i kodu) |
rdamedia |
| Tryb odtwarzania |
Bez urządzenia pośredniczącego |
| Kod typu mediów |
n |
| 338 ## - TYP/RODZAJ NOŚNIKA |
| Źródło (terminu i kodu) |
rdacarrier |
| Hasło opisujące typ nośnika |
Wolumin |
| Kod typu nośnika |
nc |
| 380 ## - FORMA I TYP PUBLIKACJI |
| Forma i typ publikacji |
Książki |
| 380 ## - FORMA I TYP PUBLIKACJI |
| Forma i typ publikacji |
Publikacje fachowe |
| 388 ## - CZAS POWSTANIA |
| Czas powstania |
2001- |
| 490 1# - STREFA SERII I DOKUMENTU WIELOCZĘŚCIOWEGO - FORMA NIE DO WYSZUKIWANIA |
| Tytuł i oznaczenie odpowiedzialności serii |
Biblioteka Menedżera i Służby Pracowniczej (1996) ; |
| Numeracja w obrębie serii |
z. 207 |
| 504 ## - UWAGA DOTYCZĄCA BIBLIOGRAFII |
| Informacje o bibliografii |
Bibliogr. |
| 650 #7 - HASŁO PRZEDMIOTOWE W FORMIE NAZWY OGÓLNEJ LUB JEDNOSTKOWEJ |
| Nazwa ogólna lub geograficzna |
Finanse przedsiębiorstwa |
| 650 #7 - HASŁO PRZEDMIOTOWE W FORMIE NAZWY OGÓLNEJ LUB JEDNOSTKOWEJ |
| Nazwa ogólna lub geograficzna |
Zarządzanie finansami |
| 655 #7 - TERMIN INDEKSOWY - OKREŚLENIE RODZAJU/FORMY DOKUMENTU |
| Określenie rodzaju/formy dokumentu |
Podręcznik |
| Źródło terminu |
DBN |
| 658 ## - TERMIN INDEKSOWY - PRZEDMIOT PROGRAMU NAUCZANIA |
| Główny przedmiot programu nauczania |
Gospodarka, ekonomia, finanse |
| 658 ## - TERMIN INDEKSOWY - PRZEDMIOT PROGRAMU NAUCZANIA |
| Główny przedmiot programu nauczania |
Zarządzanie i marketing |
| 700 1# - HASŁO DODATKOWE - NAZWA OSOBOWA |
| Nazwa osobowa |
Wilimowski, Marek |
| Określenie związku między hasłem a opisywanym materiałem |
Autor |
| 830 #0 - HASŁO DODATKOWE SERII LUB DOKUMENTU WIELOCZĘŚCIOWEGO - TYTUŁ UJEDNOLICONY |
| Tytuł ujednolicony |
Biblioteka Menedżera i Służby Pracowniczej (1996) |
| Oznaczenie tomu |
z. 207 |
| 856 ## - LOKALIZACJA I DOSTĘP DO ELEKTRONICZNYCH DOKUMENTÓW ZDALNYCH |
| Link (URL) |
http://koha.tu.koszalin.pl/cgi-bin/koha/opac-detail.pl?biblionumber=41061 |
| Tekst linku |
Katalog online BPK |
| 942 ## - DODATKOWE ELEMENTY (KOHA) |
| Schemat klasyfikacji |
Uniwersalna Klasyfikacja Dziesiętna |
| Typ dokumentu |
Książka |